Guess the countries by their abbreviations - Statistics

General Stats
  • This quiz has been taken 29 times
  • The average score is 13 of 19
Answer Stats
Abbreviation Answer % Correct
usa United States of America / United States
100%
uae United Arab Emirates
96%
uk United Kingdom
96%
nz New Zealand
92%
antigua Antigua and Barbuda
88%
bosnia Bosnia and Herzegovina
88%
drc Democratic Republic of the Congo
88%
st lucia Saint Lucia
88%
roc Republic of the Congo
85%
st vincent Saint Vincent and the Grenadines
85%
sa South Africa / Saudi Arabia
81%
sk South Korea
77%
png Papua New Guinea
73%
nk North Korea
69%
fyrom North Macedonia / Former Yugoslavian Republic of Macedonia
42%
bf Burkina Faso
31%
sm (prob won't get) San Marino
27%
es (probably won't get) El Salvador
19%
sl Sierra Leone
12%
No matching quizzes found
Score Distribution
Percent of People with Each Score
Percentile by Number Answered
Your Score History
You have not taken this quiz